00693nam a2200217Ia 4500003000900000008004100009020001800050040001600068080001600084100002100100245006900121260002900190300001600219650003200235650001000267700002200277700002100299942000700320999001700327952013100344IN-BaIIA211028s9999 xx 000 0 eng d a81-7808-652-2 cIIA Library a681.31bNEM aNemeth, E920354 0aLinux admistration handbookcE. Nemeth, G. Snyder and T. R. Hein aNew DelhibPearsonc2003 axxxi, 890p. aBasic administration927143 aLinux aHein, T. R927144 aSnyder, G927145 cBK c14984d14984 00104070aBANbHOScGENd2003-03-21eEDS g495.00l0o681.31/ NEMp15906r2021-11-05v495.00w2003-03-21yBKGRs. 495.00